La emancipación literaria de Hispanoamérica /

Salvato in:
Dettagli Bibliografici
Autore principale: Portuondo, José Antonio
Natura: Sconosciuto
Pubblicazione: La Habana, Cuba : Casa de las Américas, 1975.
Serie:(Cuadernos Casa ; número 15)
Soggetti:
Tags: Aggiungi Tag
Nessun Tag, puoi essere il primo ad aggiungerne!!

MARC

LEADER 000000000a22000000004500
001 001709
082 0 4 |a A860.9   |b P853e 
100 1 |a Portuondo, José Antonio 
245 1 3 |a La emancipación literaria de Hispanoamérica /   |c José Antonio Portuondo. 
260 1 |a La Habana, Cuba :   |b Casa de las Américas,   |c 1975. 
300 |a 155 páginas 
490 1 |a (Cuadernos Casa ;   |v número 15) 
650 4 |a LITERATURA LATINOAMERICANA 
650 4 |a HISTORIA Y CRITICA 
999 |c 8395  |d 8395 
942 |c BK  |h A860.9 P853e  |2 z